书目信息 |
| 题名: |
现代幼儿园家长工作新探索
|
|
| 作者: | 朱幸嫣 本册主编 | |
| 分册: | ||
| 出版信息: | 上海 文汇出版社 2018.9 |
|
| 页数: | 229页 | |
| 开本: | 24cm | |
| 丛书名: | 你探索我支持 | |
| 单 册: | ||
| 中图分类: | G616 | |
| 科图分类: | ||
| 主题词: | 幼儿园--家长工作(教育) | |
| 电子资源: | ||
| ISBN: | 978-7-5496-2697-7 | |
| 000 | 01083nam2 2200265 45 | |
| 001 | 012001003861 | |
| 005 | 20140915162126.0 | |
| 010 | @a978-7-5496-2697-7@dCNY36.00 | |
| 100 | @a20190226d2018 em y0chiy0110 ea | |
| 101 | 0 | @achi |
| 102 | @aCN@b310000 | |
| 105 | @ay z 000yy | |
| 106 | @ar | |
| 200 | 1 | @a现代幼儿园家长工作新探索@Axian dai you er yuan jia zhang gong zuo xin tan suo@f朱幸嫣本册主编 |
| 210 | @a上海@c文汇出版社@d2018.9 | |
| 215 | @a229页@d24cm | |
| 225 | 2 | @a你探索我支持@e现代幼儿园保教工作实践与研究 |
| 330 | @a本书是上海市浦东新区北蔡幼儿园全体教师花了数年时间研究和撰写的《你探索,我支持——现代幼儿园保教工作实践与研究》中的第一部。本册书主要是从幼儿园保育管理角度对保育队伍培养、保育业务研究等方面的思考进行探索。对幼儿园在工作实践中运用保育支持行为后产生的经验和成效进行介绍,为保育工作的再发展提供借鉴。 | |
| 410 | 0 | @12001 @a你探索我支持 |
| 461 | 0 | @12001 @a你探索我支持 |
| 606 | 0 | @a幼儿园@x家长工作(教育) |
| 690 | @aG616@v5 | |
| 701 | 0 | @a朱幸嫣@Azhu xing yan@4本册主编 |
| 801 | @aCN@bAHXH@c20210922 | |
| 905 | @b1328223-7@dG616@e2486@f5 | |
| 现代幼儿园家长工作新探索/朱幸嫣本册主编.-上海:文汇出版社,2018.9 |
| 229页;24cm.-(你探索我支持:现代幼儿园保教工作实践与研究) |
| ISBN 978-7-5496-2697-7:CNY36.00 |
| 本书是上海市浦东新区北蔡幼儿园全体教师花了数年时间研究和撰写的《你探索,我支持——现代幼儿园保教工作实践与研究》中的第一部。本册书主要是从幼儿园保育管理角度对保育队伍培养、保育业务研究等方面的思考进行探索。对幼儿园在工作实践中运用保育支持行为后产生的经验和成效进行介绍,为保育工作的再发展提供借鉴。 |
| ● |
| 相关链接 |
|
|
|
|
正题名:现代幼儿园家长工作新探索
索取号:G616/2486
 
预约/预借
| 序号 | 登录号 | 条形码 | 馆藏地/架位号 | 状态 | 备注 |
| 1 | 1328223 | 213282231 | 第一样本阅览室/ [索取号:G616/2486] | 在馆 | |
| 2 | 1328224 | 213282240 | 教育系资料室/ [索取号:G616/2486] | 在馆 | |
| 3 | 1328225 | 213282259 | 教育系资料室/ [索取号:G616/2486] | 在馆 | |
| 4 | 1328226 | 213282268 | 第四借阅区/ [索取号:G616/2486] | 在馆 | |
| 5 | 1328227 | 213282277 | 第四借阅区/ [索取号:G616/2486] | 在馆 |